[Event "WchT 12th"]
[Site "Astana"]
[Date "2019.03.09"]
[Round "5.16"]
[White "Firouzja, Alireza"]
[Black "Ni, Hua"]
[Result "1-0"]
[WhiteElo "2657"]
[BlackElo "2683"]
[Annotator "Firouzja,A"]
[PlyCount "111"]
[EventDate "2019.03.05"]
[EventType "team-tourn"]
[EventRounds "9"]
[EventCountry "KAZ"]
[SourceTitle "CBM 189"]
[Source "ChessBase"]
[SourceDate "2019.04.29"]
[SourceVersion "1"]
[SourceVersionDate "2019.04.29"]
[SourceQuality "1"]
[WhiteTeam "Iran"]
[BlackTeam "China"]
[WhiteTeamCountry "IRI"]
[BlackTeamCountry "CHN"]

1. e4 {Going into the very interesting match Iran-China.} e5 2. Nf3 Nf6 3. Nxe5
d6 4. Nf3 Nxe4 5. Nc3 {To me this is the best way to try to get some advantage
these days.} Nxc3 6. dxc3 Be7 7. Be3 O-O 8. Qd2 Nd7 9. O-O-O c6 10. Kb1 d5 {
The most fashionable line against 5.Nc3.} 11. h4 {I prepared this move before
the game, I think it leads to very interesting play.} Nf6 {The most frequent
move, but not the best one.} (11... Re8 $1 12. Bd3 Bc5 13. Bg5 $5 {The most
ambitious.} (13. Bd4 Bxd4 14. cxd4 Nf6 15. Rde1 Ne4 $11 {Nakamura-Caruana})
13... f6 14. Bf4 $13) 12. Ng5 $5 Ne4 $5 {Trying to exchange some pieces.} (
12... h6 13. Bd3 Ng4 14. Rde1 $14) 13. Qe2 $5 {[%cal Ge2h5]} Qc7 14. g3 $5 {
[%cal Ge3f4]} Bf6 $6 (14... Nd6 $1 {with the idea ...Bf5 looks solid.}) 15.
Nxe4 dxe4 16. Bg2 Re8 17. g4 $16 {White clearly has the advantage.} Be6 18. a3
$1 (18. g5 $6 Bxc3 $3 19. bxc3 Qa5 20. c4 Qb4+ $11) 18... Qc8 19. g5 Bg4 20. f3
exf3 21. Bxf3 Bxf3 22. Qxf3 Be5 23. Rd3 {[%cal Gh1d1,Gd3d7]} Qe6 24. Rhd1 {
It's really not easy to suggest a move for Black here.} a6 25. Bb6 $5 {Fixing
the pawns.} (25. Rd7 Re7) 25... f6 26. Rd7 (26. Re3 $16 {simply keeps a big
advantage. I wanted to force things, but it was not as easy as it looked.})
26... Re7 27. Rxe7 Qxe7 28. Qg4 Re8 29. h5 $5 Qe6 $4 (29... fxg5 30. Re1 Qf7
31. Qe2 (31. Qe4 Qxh5 32. Bd4 Bxd4 $1 {The move we both missed.} 33. Qxe8+ Qxe8
34. Rxe8+ Kf7 $19 {[%cal Gh7h1,Gg5g2]}) 31... Re6 32. Bd4 Bxd4 33. Qxe6 Qxe6
34. Rxe6 Kf7 35. Re4 Bf6 $11 {The engine says equal, but it was really hard to
understand over the board who is better here.}) 30. Qxe6+ Rxe6 31. Rd8+ Kf7 32.
Bc5 {Suddenly the black king is in big trouble!} Re7 33. g6+ hxg6 34. hxg6+ Ke6
35. Bxe7 Kxe7 36. Ra8 $18 {The rest should be easy because of weak pawn on b7.}
f5 37. Kc1 Kf6 38. Kd2 Kxg6 39. Ke3 Kh5 40. Re8 Bd6 41. Re6 Bb8 42. Re7 g5 43.
Rxb7 Bf4+ 44. Kf2 g4 45. Rb6 Bg5 46. Rxa6 Bh4+ 47. Kf1 f4 48. Ra8 f3 49. Rf8
Be7 50. Rf7 Bg5 51. a4 Kg6 52. Rf8 Bh6 53. Re8 Kf5 54. a5 g3 55. a6 g2+ 56. Kf2
{[%eval 205,0] I think on move 14 my opponent had a chance to keep the balance
with ...Nd6! Apart from that, this was a very smooth victory for me, but
unfortunately our team lost.} 1-0

[Event "Muenster"]
[Site "Muenster"]
[Date "1992.??.??"]
[Round "8"]
[White "Jansa, Vlastimil"]
[Black "Forintos, Gyozo Victor"]
[Result "0-1"]
[WhiteElo "2455"]
[BlackElo "2465"]
[Annotator "Forintos,G"]
[PlyCount "72"]
[EventDate "1992.07.??"]
[EventType "tourn"]
[EventRounds "11"]
[EventCountry "GER"]
[EventCategory "8"]
[SourceTitle "CBM 031"]
[Source "ChessBase"]
[SourceDate "1992.12.01"]
[SourceVersion "1"]
[SourceVersionDate "1992.12.01"]
[SourceQuality "1"]

1. e4 e5 2. Nf3 Nf6 3. Nxe5 d6 4. Nc4 Nxe4 5. d4 d5 6. Ne3 Qf6 $1 {Dieser
wichtige Zwischenzug wurde erstmals in der Partie Horvath,T-Forintos/ Ungarn/
1986/ gespielt. Die Idee ist, die weiße Dame zur Blockade des Lf1 zu zwingen.}
7. Qe2 (7. Bb5+ $2 c6 8. O-O cxb5 9. Nxd5 Qd8 10. Re1 Qxd5 11. Nc3 Qd8 12.
Rxe4+ Be7 13. Bg5 Nc6 $1 14. d5 O-O $19) 7... Be6 8. c3 c6 {8...Nc6 ist auch
möglich} 9. g3 Nd7 10. Bg2 Qg6 11. Nd2 f5 12. O-O {12.Bf3 Qf6 geschah in
Horvath,T-Forintos (mit der Idee ...Ng5 und ...f4)} Bd6 {weniger riskant war
12...Be7, aber auch 12...0-0-0 kam in Betracht} 13. Nxf5 $5 {eine interessante
Idee, die Weiß aber sehr viel Bedenkzeit gekostet hat} Qxf5 14. Nxe4 dxe4 15.
Bxe4 Qf6 $1 16. d5 cxd5 17. Bxd5 Be5 $1 18. Bxb7 (18. Bxe6 Qxe6 19. Re1 $8 {
19.f4?? Ld4+!} O-O 20. f4 Qb6+ 21. Be3 Qc6 $1 22. fxe5 Nxe5 $17) 18... Rb8 19.
Bg2 O-O 20. Be3 Nb6 21. Rfe1 Bc4 22. Qc2 Bf7 {Weiß hat drei Bauern für die
Figur, aber auf zwei Flügeln verteilt; er muß seine Bauern am Damenflügel so
schnell wie möglich mobilisieren} 23. f4 $1 Bc7 {23...Bd6 war auch möglich,
wonach der Turm nicht auf e7 eindringen kann; dies ist aber ungefährlich, wie
die Folge zeigt} 24. Bd4 Qh6 25. Re7 Qd6 $1 26. Rae1 Nc8 $1 {der Turm muß sich
nun zurückziehen und auch ...Bb6 ist schon vorbereitet, um den zentralisierten
Läufer abzutauschen. 26...Nd5? 27.Bxd5! und die Punkte c7 und g7 bereiten
Probleme} 27. R7e5 Bb6 {es droht schon 27...Bxa2} 28. Rd1 Ne7 29. Kh1 Qc7 30.
Bxb6 Rxb6 31. b3 Rd6 32. Rxd6 Qxd6 33. c4 Rd8 $1 {mit der Drohung ...Qd1+.
Weiß ist in großer Zeitnot} 34. Re1 Nc6 {nun droht gefährlich ...Nd4 und ...Nb4
} 35. h3 $2 {das kostet mindestens einen Bauern; besser war 35.Qf2} Nb4 $1 {
die Dame hat kein gutes Feld, um den Pa2 zu verteidigen} 36. Qf2 $2 $138 {
36.Qb1 Qd2!; 36.Qe2 Re8! etc.} Nd3 0-1

[Event "Tata Steel-A 79th"]
[Site "Wijk aan Zee"]
[Date "2017.01.20"]
[Round "6"]
[White "Rapport, Richard"]
[Black "Wei, Yi"]
[Result "0-1"]
[WhiteElo "2702"]
[BlackElo "2706"]
[Annotator "Ftacnik,L"]
[PlyCount "64"]
[EventDate "2017.01.14"]
[EventType "tourn"]
[EventRounds "13"]
[EventCountry "NED"]
[EventCategory "21"]
[SourceTitle "CBM 177"]
[Source "ChessBase"]
[SourceDate "2017.03.16"]
[SourceVersion "1"]
[SourceVersionDate "2017.03.16"]
[SourceQuality "1"]

1. e4 e5 2. Nf3 Nf6 3. Nxe5 d6 4. Nc4 Nxe4 5. Qe2 Qe7 6. Ne3 {Playing against
Rapport is not easy for any chessplayer as the Hungarian star loves unusual
lines, original positions.} Be6 {Black is sensibly deciding not to lose time
on pawn moves like ...c6 and rather develop the pieces as quickly as possible.}
(6... c6 7. c4 (7. Nc3 Nxc3 8. bxc3 Nd7 9. g3 g6 10. a4 Bg7 11. Ba3 c5 12. Bg2
O-O 13. O-O Nf6 14. Rfe1 Qc7 15. d4 Rb8 16. Nc4 Be6 17. Ne3 b6 18. h3 Rfe8 $15
{0-1 (59) Stevic,H (2592)-Sakaev,K (2619) Budva 2009}) (7. g3 g6 8. Bg2 Nf6 9.
b3 Bg7 10. Bb2 O-O 11. O-O Re8 12. c4 Na6 13. Nc3 Be6 14. d3 Rad8 15. Rfe1 Nc7
16. Qd2 d5 17. cxd5 cxd5 18. Ne2 $14 {1-0 (38) Berg,E (2592)-Rozentalis,E 
(2599) Warsaw 2008}) 7... g6 8. Nc3 (8. d3 Nc5 9. Bd2 Bg7 10. Bc3 f6 $1 (10...
Bxc3+ 11. Nxc3) 11. b3 $6 (11. d4 Ne4 12. Nd2 Nxc3 {½-½ Nevednichy,V (2566)
-Saric,A (2472)/Djakovo 2005/}) 11... O-O 12. d4 Ne4 13. Bb2 f5 14. Na3 Re8 15.
O-O-O f4 (15... Nxf2 16. Qxf2 Qxe3+ 17. Qxe3 Rxe3 18. d5 $44) 16. Nec2 Qf8 (
16... Bh6 $1) 17. Re1 Re6 18. Qf3 Ng5 19. Qd1 $11 {0-1 (33) Navara,D (2660)
-Rabiega,R (2506) Germany 2006}) 8... Na6 9. Nc2 Nf6 10. d4 Bf5 11. Bg5 O-O-O
12. O-O-O h6 13. Bh4 g5 14. Bg3 Bg6 15. Qxe7 Bxe7 16. Bd3 Nh5 17. Rhe1 Bf8 18.
Bxg6 fxg6 19. d5 Nxg3 20. hxg3 Bg7 21. dxc6 bxc6 22. Re6 $16 {1/2-1/2 (43)
Felgaer,R (2573)-Fridman,D (2654) Caleta 2010}) (6... Nf6 7. b3 (7. g3 g6 8.
Bg2 Bg7 9. O-O O-O 10. d4 Nc6 11. Qd1 Bd7 12. c4 Rae8 13. Nc3 Qd8 14. h3 {
1/2-1/2 (14) Heberla,B (2551)-Iljin,A (2508) Pardubice 2006}) 7... Nc6 8. Bb2
Be6 9. g3 d5 10. Bg2 O-O-O 11. d4 h5 (11... Qd7 12. Nd2 g6 13. h3 Bh6 14. O-O-O
Rhe8 15. Qf3 Bf5 16. b4 Be4 17. Qxf6 Bxe3 18. fxe3 Bxg2 19. Rh2 Re6 20. Qh4 Be4
$17 {1-0 (44) Murey,J (2496)-Harikrishna,P (2568) Pardubice 2002}) 12. Nd2 g6
13. O-O-O Bh6 14. Rhe1 Qb4 15. a3 Qb6 16. Kb1 Rhe8 17. Qd3 Ng4 18. Nxg4 hxg4
19. b4 a5 20. bxa5 Nxa5 $17 {0-1 (41) Berg,E (2610)-Nielsen,P (2680) Helsingor
2009}) 7. Nc3 (7. g3 Nc6 8. Bg2 d5 9. O-O O-O-O 10. c3 h5 (10... h5 $5 $11) (
10... f5 11. d3 Nf6 12. Nc2 Qd7 13. Bg5 Bd6 14. Nba3 h6 15. Bxf6 gxf6 16. Nb5
f4 17. Rae1 Bf7 18. Nxd6+ Qxd6 19. Qg4+ Kb8 20. Qxf4 Qxf4 21. gxf4 Rhg8 $11 {
0-1 (27) Cabrilo,G (2490)-Marciano,D (2485) Sabac 1998}) 11. d4 Qd7 12. Re1 Nf6
13. Nd2 h4 14. Nf3 hxg3 15. fxg3 Bh3 16. Bh1 Rh5 17. Ng2 Re8 18. Qd1 Rxe1+ 19.
Qxe1 Bd6 20. Nf4 $15 {Arribas,M-Wilkie,B/WchJW U20 1988/EXT 88ch/1-0 (45)}) (7.
d4 d5 8. Nd2 Nd6 9. g3 Nd7 10. Bg2 Nf6 11. O-O O-O-O 12. Re1 c6 13. b3 g6 14.
c4 Bg7 15. Ba3 Rhe8 16. Nxd5 Nxd5 17. cxd5 cxd5 18. Nf3 Kb8 19. Ne5 Qc7 20.
Rac1 $16 {1-0 (30) Kengis,E (2565)-Fassl,E (2255) Vienna 1994}) 7... Nf6 {
Wei is sensibly declining to help the opponent with the opening of the
position. The lesser evil may well be the loss of a tempo with the knight
retreat.} 8. g3 (8. g4 Nc6 9. g5 Ng4 10. Ned5 Qd7 11. Nb5 O-O-O 12. Ndxc7 Bf5
$15) 8... Nc6 9. Bg2 Qd7 (9... O-O-O 10. Bxc6 bxc6 11. Qa6+ Kb8 12. Qxc6 d5 13.
d4 $14) 10. b4 $5 {White is fighting for the initiative with the help of this
original pawn advance on the queenside.} d5 (10... Nxb4 11. Rb1 d5 12. a3 d4
13. axb4 dxe3 14. fxe3 $14) 11. b5 Nd4 {The first really tough decision for
the second player as there was nothing wrong with a more restrained retreat 11.
..Ne7.} (11... Ne7 12. Na4 a6 13. c4 Qd6 $11) 12. Qd3 c5 13. O-O (13. bxc6 Nxc6
14. Nexd5 Nxd5 15. Nxd5 O-O-O 16. Nf4 Qxd3 17. cxd3 Bf5 $11) 13... O-O-O 14.
Re1 h5 15. h4 g5 $2 {It is easy to dismiss this courageous idea with the help
of a computer and some hindsight. Black is accepting a high degree of risk
when a simple knight move was enough to maintain equality.} (15... Nf5 16. b6
axb6 17. Rb1 Nxe3 18. dxe3 c4 19. Qf1 Bc5 $11) 16. b6 (16. hxg5 Ng4 17. b6 $16)
16... a6 (16... axb6 17. hxg5 Ne4 18. Nexd5 $16) 17. hxg5 Ng4 18. Ncxd5 h4 19.
Nc7 $2 {[%mdl 64] Rapport was surely happy with his achievements as the
position has opened up to his advantage. Unfortunately there was no guarantee
that he would solve the tactical part correctly. In two moves the advantage
will turn into grief...} (19. Nxg4 $1 Bxd5 (19... Bxg4 20. Bb2 hxg3 21. Bxd4
cxd4 22. Qc4+ Kb8 23. Qc7+ Ka8 24. Nf6 $18) 20. Nf6 Bxg2 21. Nxd7 Nf3+ 22. Qxf3
Bxf3 23. Bb2 Rh5 24. Nxf8 hxg3 25. fxg3 Rxf8 26. Re7 $16) 19... h3 20. Bxb7+ $2
(20. Nxg4 hxg2 21. Nxe6 Rh1+ 22. Kxg2 Rxe1 23. Nxd8 Qxg4 24. Bb2 Rxa1 25. Bxa1
Kxd8 26. Bxd4 cxd4 (26... Qxd4 27. Qf3 Qd7 28. g6 $11) 27. Qc4 Qd7 28. f4 $11)
20... Kxb7 21. Qxa6+ Kc6 22. Nxg4 $2 {The knight on g4 was dangerous for the
white king, the bishop will be worse!} (22. Rf1 $1 Kd6 $1 23. Qb7 Bg7 24. Kh1
Rb8 25. Qe4 Qc6 $17) 22... Bxg4 23. b7+ {White feels correctly that he can
afford to try any idea in a completely lost position.} (23. Qa4+ Kd6 24. Qxd7+
Kxd7 $19) 23... Kxc7 24. Qa5+ Kb8 25. Qa8+ (25. Rb1 $2 h2+ 26. Kg2 Bf3+ 27. Kf1
h1=Q#) 25... Kc7 26. Qa5+ Kd6 $1 {Wei was forced to admit that the king can
not hide at the edge of the board and has to march to the absolute centre of
the board.} 27. Qb6+ Kd5 28. Re3 (28. c4+ Kxc4 29. Kh2 Rb8 $19) 28... h2+ 29.
Kh1 Qc6 30. Rb1 (30. b8=Q Rxb8 31. Qxb8 Kc4+ $19) 30... Qxb6 31. Rxb6 Bd6 32.
Bb2 Rde8 {In a contest for games with original positions this game would be a
great candidate for one of the top spots!} 0-1

[Event "Dortmund SuperGM"]
[Site "Dortmund"]
[Date "2001.07.13"]
[Round "2"]
[White "Morozevich, Alexander"]
[Black "Topalov, Veselin"]
[Result "0-1"]
[WhiteElo "2749"]
[BlackElo "2711"]
[Annotator "Ftacnik,L"]
[PlyCount "80"]
[EventDate "2001.07.12"]
[EventType "tourn"]
[EventRounds "10"]
[EventCountry "GER"]
[EventCategory "21"]
[SourceTitle "CBM 085"]
[Source "ChessBase"]
[SourceDate "2001.11.13"]
[SourceVersion "1"]
[SourceVersionDate "2001.11.13"]
[SourceQuality "1"]

1. e4 e5 2. Nf3 Nf6 3. Nxe5 d6 4. Nf3 Nxe4 5. Bd3 Nf6 6. h3 Be7 7. O-O O-O 8.
c3 c5 9. Bc2 Nc6 10. d4 Be6 11. Re1 h6 $1 {Topalov correctly sensed the
importance of the g5 square control, even though weakened diagonal b1-h7 could
have seemed dangerous.} 12. Be3 Re8 13. Nbd2 Bf8 (13... Nd5 14. Nf1 Nxe3 15.
Nxe3 $14) 14. Ne4 Nd5 (14... Nxe4 15. Bxe4 d5 16. Bc2 $14) (14... Bd5 15. Nxf6+
Qxf6 16. dxc5 Bxf3 17. Qxf3 Qxf3 18. gxf3 dxc5 19. Be4 $14) 15. dxc5 (15. Bc1
Bf5 16. Qd3 Qd7 $13) 15... Nxe3 16. Rxe3 dxc5 17. Qe2 Qc7 (17... Qb6 18. Re1
Qxb2 $2 19. Nf6+ gxf6 20. Bh7+ $18) 18. Re1 (18. Nfg5 hxg5 19. Nxg5 (19. Qh5
Bf5 20. Nf6+ gxf6 21. Bxf5 Bg7 $19) 19... g6 20. Nxe6 (20. Bxg6 fxg6 21. Nxe6
Qf7 $15) 20... Rxe6 21. Rxe6 fxe6 22. Qxe6+ Qf7 $15) 18... Rad8 19. Neg5 Rd6 $1
{[%mdl 256] Excellent defensive move played in cool blood, Morozevich will
have a hard time intensifying his attack.} (19... Bd7 $2 20. Qd3 $18) (19...
hxg5 $6 20. Nxg5 g6 (20... Bd6 21. Qh5) 21. Bxg6 $1 fxg6 22. Nxe6 $16) 20. Ne4
(20. Nxe6 $5 Rexe6 (20... Rdxe6 $2 21. Qd3 $18) 21. Bb3 Rxe3 22. Qxe3 $14)
20... Rdd8 21. Nfg5 $1 Bd5 $1 22. Qh5 $2 {White got carried away with the
prospects of triumphal attack, this impatient move loses.} (22. Nh7 $1 Bxe4 (
22... Kxh7 $2 23. Nf6+ Kh8 24. Rxe8 $18) (22... Be7 23. Nxc5 $1 Bxa2 24. Nf6+
gxf6 25. Qg4+ Kf8 (25... Kh8 26. Qf5 $18) 26. Bh7 $18) 23. Rxe4 Re7 24. Nxf8
Kxf8 $14) 22... Re5 $1 23. f4 Rf5 24. g3 (24. Ng3 g6 25. Qe2 Rxf4 $19) 24... g6
25. Qh4 c4 $1 (25... hxg5 26. Nxg5 Rxg5 27. Qxg5 c4 $17) 26. Kh2 (26. Nf3 Be7
27. Qxh6 (27. Qg4 h5 $19) 27... Bxe4 $1 (27... Rh5 $2 28. Nf6+ $1 Bxf6 29. Re8+
$18) 28. Bxe4 Rh5 $19) 26... Kg7 27. Qg4 (27. R1e2 Be7 $17) 27... hxg5 28. Nxg5
Rxg5 29. Qxg5 Qb6 30. f5 Be7 $1 {For the change black is now prepared to play
aggressively, opponent's concept was fully refuted.} 31. Qf4 (31. Rxe7 Qf2#)
31... Qxb2 32. Rxe7 (32. R1e2 Qc1 $19) 32... Qxc2+ 33. R1e2 Qxf5 34. Qxf5 gxf5
35. Re8 (35. Rxb7 Nd4 $19) 35... Rd7 $1 36. Rd2 Kf6 37. Kg1 Ne5 38. Kf2 Nd3+
39. Ke3 Bc6 40. Rb8 Re7+ 0-1

[Event "FIDE-Wch k.o."]
[Site "Moscow"]
[Date "2001.12.05"]
[Round "4.6"]
[White "Topalov, Veselin"]
[Black "Shirov, Alexei"]
[Result "1-0"]
[WhiteElo "2733"]
[BlackElo "2706"]
[Annotator "Ftacnik,L"]
[PlyCount "83"]
[EventDate "2001.11.27"]
[EventType "k.o."]
[EventRounds "7"]
[EventCountry "RUS"]
[SourceTitle "CBM 086"]
[Source "ChessBase"]
[SourceDate "2002.02.05"]
[SourceVersion "1"]
[SourceVersionDate "2002.02.05"]
[SourceQuality "1"]

1. e4 e5 2. Nf3 Nf6 3. Nxe5 d6 4. Nf3 Nxe4 5. d4 d5 6. Bd3 Nc6 7. O-O Be7 8. c4
Nb4 9. Be2 O-O 10. Nc3 Be6 11. Be3 Bf5 12. Qb3 c6 13. g4 $5 {[%mdl 4] A double
edged novelty tries to solve the riddle of the position with extreme meassures.
} (13. Rac1 dxc4 14. Bxc4 b5 (14... a5 15. a3 Nxc3 16. axb4 Nb5 17. bxa5 Rxa5
18. d5 Be4 19. dxc6 Bxf3 20. Bxb5 bxc6 21. Bxc6 Bxc6 22. Rxc6 {1-0 Adams,
M-Christiansen,L/Cannes 1992/ (52)}) 15. Bxf7+ Rxf7 16. Ne5 Nd5 17. Nxe4 Bxe4
18. Rxc6 Qe8 19. Rcc1 Bd6 20. Nxf7 Qxf7 21. Rc6 Rd8 {0-1 Khalifman,A-Arkhipov,
S/Moscow/1985/ (57)}) (13. cxd5 cxd5 (13... Nxc3 14. bxc3 Nxd5 15. Qxb7 Nxc3
16. Bc4 Rb8 17. Qxc6 Be4 18. Bxf7+ Rxf7 19. Qxc3 Bb4 20. Qc4 Bd5 21. Qd3 Rxf3
22. gxf3 Qd7 {1/2-1/2 Shirov,A-Gelfand,B/Leon 2001/ (28)}) 14. Rfc1 Rc8 15. Ne5
f6 16. Nf3 Qd7 17. Nxe4 Bxe4 18. Ne1 {1/2-1/2 De Firmian,N-Kaidanov,G/New York/
1994/ (18)}) (13. c5 Nxc3 14. bxc3 Nc2 15. Qxb7 Nxa1 16. Rxa1 Bf6 (16... Qe8
17. Qa6 f6 18. Ne1 Qc8 19. Qxc8 Bxc8 20. Bf4 Bd8 {1/2-1/2 Topalov,V-Kramnik,V/
Tilburg/1998/ (46)}) 17. Qxc6 Re8 18. Qa4 h5 19. Bb5 Re4 20. Nd2 Re6 21. Bc6
Rb8 22. Nf1 Bd3 {0-1 Benjamin,J-Christiansen,L/San Francisco 1998/ (39)}) 13...
Bxg4 14. c5 a5 15. a3 Na6 16. Qxb7 Nc7 (16... Nxc3 17. bxc3 Nc7 18. Rab1 Nb5
19. Ne5 Bxe2 20. Nxc6 Qe8 21. Nxe7+ Kh8 22. Rfe1 Rb8 23. Qxd5 Qxe7 24. Bd2 Nc7
{0-1 Topalov,V-Shirov,A/Moscow/2001/ (53)}) 17. Ne5 Bxe2 (17... Rb8 18. Nxc6
Rxb7 19. Nxd8 Rxd8 (19... Bxe2 20. Nxb7 Bxf1 21. Rxf1 $16) 20. Bxg4 Nf6 (20...
Rxb2 21. Nxe4 dxe4 22. Rfb1 $16) 21. Bf5 $14) 18. Nxc6 $1 Qd7 (18... Rb8 19.
Nxd8 Rxb7 20. Nxb7 $16) 19. Nxe2 Ra6 (19... Bf6 20. Ng3 (20. f3 Ng5 21. Bxg5
Bxg5 22. f4 Qg4+ 23. Kh1 Qxe2 24. Rae1 Qa6 25. Qxc7 $16) 20... Rfe8 21. Bf4 $16
) 20. Ne5 $1 {White keeps an excellent centralized piece that indirectly
defends his own exposed king.} (20. Nxe7+ Qxe7 21. Bf4 Ng5 22. Bxg5 Qxg5+ 23.
Ng3 Qf4 24. Rae1 Rh6 $132) 20... Qd8 21. Ng3 Bf6 (21... Nxg3 22. fxg3 $16) 22.
Nxe4 dxe4 (22... Bxe5 23. dxe5 dxe4 24. Qxe4 $18) 23. Qxe4 Re6 24. c6 (24. f4
Rfe8 25. Rac1 $18) 24... Bxe5 (24... Nd5 25. Rac1 (25. f4 $6 Bxe5 26. fxe5 Rxc6
$14) 25... Bxe5 26. dxe5 Nxe3 27. fxe3 $1 (27. Qxe3 Qd5 28. f3 Rxc6 29. Rxc6
Qxc6 $14) 27... Qg5+ 28. Kh1 Rxe5 29. Qf4 Qe7 30. c7 $18) 25. dxe5 f5 26. Qc4 (
26. Qf3 f4 27. Bc5 Rfe8 28. Bd6 Nb5 29. Qxf4 Nxd6 30. exd6 Rxd6 31. Qc4+ Kh8
32. Rae1 $18) 26... f4 (26... Qd5 27. Rfc1 Qxe5 28. Bf4 (28. Bd4 Qd5 29. Qxd5
Nxd5 30. Rc5 Nf4 31. Kf1 $18) 28... Qd5 29. b3 (29. Bxc7 Re1+ $1 30. Rxe1 Qxc4
31. Rac1 $11) 29... Rg6+ 30. Kf1 $18) 27. Bb6 Qd5 (27... Rf7 28. Bxc7 Rg6+ 29.
Kh1 Qxc7 30. Rac1 $18) 28. Qxd5 Nxd5 29. Bxa5 f3 (29... Rxc6 30. Rfd1 $18) 30.
c7 $5 {The pawn on seventh rank has enormous power.} (30. Rfd1 Rxe5 31. b4 Rfe8
32. a4 Nc3 33. Rd8 Rxd8 34. Bxd8 Nxa4 35. h3 $18) 30... Nf4 31. Rac1 (31. Rfd1
Nh3+ 32. Kf1 Rg6 33. Ke1 Rg1+ 34. Kd2 Rxd1+ 35. Rxd1 Nxf2 36. Rf1 $18) 31...
Ne2+ (31... Rc8 32. Rcd1 Rxe5 33. Rd8+ Re8 34. Rfd1 $18) 32. Kh1 Nxc1 33. Rxc1
Rc8 34. Rd1 Kf7 (34... Rxe5 35. Rd8+ Re8 36. b4 Kf7 37. h3 Ke7 38. b5 $18) 35.
Rd8 Rc6 (35... Re8 36. h3 $18) 36. h3 (36. Rxc8 $4 Rc1+ $19) 36... R8xc7 37.
Bxc7 Rxc7 38. Rd3 $1 Rc2 39. Rxf3+ Ke6 40. b4 Kxe5 41. Kg2 Rb2 42. Rf7 1-0